• 首页
  • 本馆介绍
  • 公告通知
  • 最新文献
  • 馆藏检索
  • 电子资源
  • 读者导购
  • 参考咨询
  • 我的图书馆
  • 登录
  • 详细信息显示
  • 放入我的书架
  • 预约/预借图书
  • 作者相关作品
  • 分类相关作品
  • 丛书相关作品
  • 出版社相关作品

书目信息

  • 表格格式
  • 工作单格式
  • 卡片格式
题名:
二十位教育先行者对教育改革的反思
    
 
作者: 埃尔莫尔 主编 ;张建惠 译
分册:  
出版信息: 北京   商务印书馆  2017
页数: 136页
开本: 23cm
丛书名:
单 册:
中图分类: G571.21
科图分类:
主题词: 教育改革--研究--美国
电子资源:
ISBN: 978-7-100-12739-4
000 01113nam0 2200241 450
001 66
005 20180920170448.52
010    @a978-7-100-12739-4@dCNY30.00
100    @a20170524d2017 em y0chiy50 ea
101 1  @achi@ceng
102    @aCN@b110000
105    @ay z 000yy
200 1  @a二十位教育先行者对教育改革的反思@9er shi wei jiao yu xian xing zhe dui jiao yu gai ge de fan si@dTwenty leading educators reflect on the work of school reform@f(美)理查德·F. 埃尔莫尔主编@g张建惠译@zeng
210    @a北京@c商务印书馆@d2017
215    @a136页@d23cm
330    @a本书收录了20位在教育界不同领域有名望的教师、管理者、决策者、学校创始人、社区组织者、工会领袖、教师教育者关于教育的言论,针砭时弊,很真实地反映了现今美国教育的种种弊端和需要改良的地方,同时也对国内教育现状的改进有深刻的启示。
510 1  @aTwenty leading educators reflect on the work of school reform@zeng
606 0  @a教育改革@x研究@y美国
690    @aG571.21@v5
701  0 @c(美)@a埃尔莫尔@9ai er mo er@c(Elmore, Richard F.)@4主编
702  0 @a张建惠@9zhang jian hui@4译
801  0 @aCN@b91MARC@c20170524
905    @aMuseLib@dG571.21@e92
    
    二十位教育先行者对教育改革的反思=Twenty leading educators reflect on the work of school reform/(美)理查德·F. 埃尔莫尔主编/张建惠译.-北京:商务印书馆,2017
    136页;23cm
    
    
    ISBN 978-7-100-12739-4:CNY30.00
    本书收录了20位在教育界不同领域有名望的教师、管理者、决策者、学校创始人、社区组织者、工会领袖、教师教育者关于教育的言论,针砭时弊,很真实地反映了现今美国教育的种种弊端和需要改良的地方,同时也对国内教育现状的改进有深刻的启示。
●
相关链接 在E读中查询图书 在五车中查询图书 在当当中查询图书 在豆瓣中查询图书


正题名:二十位教育先行者对教育改革的反思     索取号:G571.21/92         预约/预借

序号 登录号 条形码 馆藏地/架位号 状态 备注
1 1118069   211180693   第一样本阅览室/ [索取号:G571.21/92] 在馆    
2 1118070   211180700   第四借阅区/ [索取号:G571.21/92] 在馆    
3 1118071   211180719   第四借阅区/ [索取号:G571.21/92] 在馆    
4 1118072   211180728   第四借阅区/ [索取号:G571.21/92] 在馆    
5 1118073   211180737   第四借阅区/ [索取号:G571.21/92] 在馆    
唐山师范学院图书馆 欢迎您!
大连网信软件有限公司© 版权所有